Coaching youth volleyball /

Bibliographic Details
Corporate Author: American Sport Education Program
Format: Book
Language:English
Published: Champaign, IL : Human Kinetics, [2001]
Edition:3rd ed.
Subjects:

MARC

Tag First Indicator Second Indicator Subfields
LEADER 00000cam a2200000 a 4500
001 in00001624813
005 20151023070024.0
008 010117s2001 ilua 000 0 eng
010 |a  2001016657 
015 |a GBA1-W3950 
020 |a 0736037969 
029 1 |a UKM  |b bA1W3950 
035 |a (OCoLC)ocm45784380 
040 |a DLC  |c DLC  |d UKM  |d C#P  |d UtOrBLW 
049 |a TXAM 
050 0 0 |a GV1015.5.C63  |b C63 2001 
082 0 0 |a 796.325  |2 21 
245 0 0 |a Coaching youth volleyball /  |c American Sport Education Program. 
250 |a 3rd ed. 
264 1 |a Champaign, IL :  |b Human Kinetics,  |c [2001] 
264 4 |c ©2001 
300 |a viii, 165 pages :  |b illustrations ;  |c 23 cm. 
336 |a text  |b txt  |2 rdacontent 
337 |a unmediated  |b n  |2 rdamedia 
338 |a volume  |b nc  |2 rdacarrier 
650 0 |a Volleyball for children  |x Coaching. 
650 0 |a Volleyball  |x Coaching. 
710 2 |a American Sport Education Program. 
945 |i PromptCat 
948 |a cataloged  |b h  |c 2001/9/20  |d c  |e mphillip  |f 4:37:33 pm 
994 |a 92  |b TXA 
999 |a MARS 
999 f f |s fa001572-327c-3bc1-8e75-d7f6bedf6560  |i 8c5dc342-0d04-311f-bcc3-9ac56801bf31  |t 0 
952 f f |p ric  |a Texas A&M University  |b Rellis Campus  |c Joint Library Facility  |d Remote Storage  |t 0  |e GV1015.5.C63 C63 2001  |h Library of Congress classification  |i unmediated -- volume  |m A14828098553 
998 f f |a GV1015.5.C63 C63 2001  |t 0  |l Remote Storage